Continent By Picture - Statistics

General Stats
  • This quiz has been taken 44 times
  • The average score is 6 of 7
Answer Stats
Picture Answer % Correct
North America
100%
South America
100%
Europe
96%
Africa
85%
Asia
85%
Australia
78%
Antarctica
74%
No matching quizzes found
Score Distribution
Percent of People with Each Score
Percentile by Number Answered
Your Score History
You have not taken this quiz